From the country of eight islands : an anthology of Japanese poetry /

Bibliographic Details
Other Authors: Sato, Hiroaki, 1942-, Watson, Burton, 1925-2017
Format: Book
Language:English
Japanese
Published: Seattle : University of Washington Press, [1981]
Edition:1st ed.
Subjects:

MARC

Tag First Indicator Second Indicator Subfields
LEADER 00000cam a2200000 a 4500
001 in00000082305
005 20180324063109.0
008 801117s1981 wau b 00100 engm
010 |a  80039506  
020 |a 0295957980  |c 17.50 
020 |a 0385140304 (Anchor Press : pbk.) 
035 |a (OCoLC)07178991 
035 |9 AAJ7356AM 
040 |a DLC  |c DLC  |d m.c.  |d OCL  |d TXA  |d UtOrBLW 
041 1 |a eng  |a jpn 
049 |a TXAM  |c [1561133] 
050 0 0 |a PL782.E3  |b F74 1981b 
082 0 |a 895.6/1/008  |2 19 
245 0 0 |a From the country of eight islands :  |b an anthology of Japanese poetry /  |c edited and translated by Hiroaki Sato and Burton Watson ; with an introduction by Thomas Rimer ; associate editor, Robert Fagan. 
250 |a 1st ed. 
264 1 |a Seattle :  |b University of Washington Press,  |c [1981] 
264 4 |c ©1981 
300 |a xliv, 652 pages ;  |c 22 cm. 
336 |a text  |b txt  |2 rdacontent 
337 |a unmediated  |b n  |2 rdamedia 
338 |a volume  |b nc  |2 rdacarrier 
500 |a Includes index. 
504 |a Bibliography: pages [641]-648. 
650 0 |a Japanese poetry  |v Translations into English. 
650 0 |a English poetry  |x Translations from Japanese. 
700 1 |a Sato, Hiroaki,  |d 1942- 
700 1 |a Watson, Burton,  |d 1925-2017. 
999 |a MARS 
999 f f |s 0c6f8d64-2998-3429-89f8-7d894e40489b  |i ee438cd2-2d26-3dad-ba24-d2032ecaeecc  |t 0 
952 f f |p normal  |a Texas A&M University  |b College Station  |c Sterling C. Evans Library  |d Evans: Library Stacks  |t 0  |e PL782.E3 F74 1981b  |h Library of Congress classification  |i unmediated -- volume  |m A14806176474 
998 f f |a PL782.E3 F74 1981b  |t 0  |l Evans: Library Stacks